000 00583nam a2200205Ia 4500
005 20250508150629.0
008 008 250505s9999 xx 000 0 eng d
037 _aTextual
040 _aFEDL
_beng
_cFEDL
041 _aeng
_2eng
084 _a155.4, KEL
_qFEDL
100 _aKelly William
245 0 _aIntorducatory child psychology
260 _aMilwaukee
_bThe Bruce Publishing Company
_c1947
300 _axviii,413p.
650 _aChild Psychology
700 _a Kelly Margaret Reuther
_9757234
942 _cTEXL
_h155.4, KEL
999 _c1324690
_d1324690